000 00678nam a22002177a 4500
999 _c1937
_d1937
003 AR-CdUCM
008 190228b ||||| |||| 00| 0 spa d
040 _aMUNICIPALIDAD PROVINCIAL DEL CUSCO
_cBIBLIOTECA MUNICIPAL DEL CUSCO
082 _a340.902 /
_bM18
100 _aMajada, Arturo
_97079
245 _aOratoria Forense /
260 _aBarcelona :
_bBosch,
_c1951.
300 _a304 paginas ;
_c23 cm
505 _aOratoria forense -- El orador --El auditorio -- El informe...
650 _aEL arte de la palabra
_97080
650 _aEl lenguaje
_97081
650 _aLa elocuencia
_97082
650 _aEl estilo
_97083
942 _2ddc
_cLIBROS
945 _awnts
_d2018-02-28